Préfectures de France : Caen - Statistiques

Statistiques générales
  • Ce quiz a été pris 124 fois
  • Le résultat moyen est 15 sur 28
Statistiques - réponses
Question Réponse % Correct
Quel numéro porte celui-ci ? 14
97%
La ville appartient à l'académie de Caen
97%
De quel département est-ce la préfecture ? Calvados
97%
Comment se nomment ses habitants ? Caennais | Caennaises
90%
A quelle région administrative appartient la ville depuis 2015 ? Normandie
87%
La ville aurait pu être la préfecture du département de {Basse}-Orne
82%
Les couleurs de fond de son blason sont le/l' rouge
78%
A quelle région administrative appartenait-elle auparavant ? Basse Normandie
76%
La ville appartient au diocèse de/d' Bayeux | Lisieux
72%
Quelles sont les sous-préfectures qui en dépendent ? Bayeux
70%
La ville est desservie par l'autoroute A13
67%
Les couleurs de fond de son blason sont le/l' bleu
67%
Quelles sont les sous-préfectures qui en dépendent ? Lisieux
65%
Spécialité locale d'abats Tripes
63%
Le port de la ville est à Ouistreham
59%
La ville est desservie par l'autoroute A84
50%
Les communes limitrophes dont le nom commence par une des 10 1ère lettres de l'alphabet Hérouville-Saint-Clair
50%
Les communes limitrophes dont le nom commence par une des 10 1ère lettres de l'alphabet Ifs
46%
Les communes limitrophes dont le nom commence par une des 10 1ère lettres de l'alphabet Epron
32%
Les communes limitrophes dont le nom commence par une des 10 1ère lettres de l'alphabet Carpiquet
29%
Les communes limitrophes dont le nom commence par une des 10 1ère lettres de l'alphabet Fleury-sur-Orne
28%
Les communes limitrophes dont le nom commence par une des 10 1ère lettres de l'alphabet Cormelles-le-Royal
23%
Ville non européenne jumelée avec la ville (4 possible) Nashville | Alexandria | Thiès | Lévis
22%
Ville européenne jumelée avec la ville (5 possible) Wurtzbourg | Portsmouth | Ohrid | Resita | Anzio
18%
La ville est située dans le bassin parisien
17%
Quelles sont les sous-préfectures qui en dépendent ? Vire Normandie
17%
Le réseau de bicyclettes en libre service se nommait V'eol
10%
La principale gare a été mise en service en 1857
7%
Aucun quiz correspondant
Distribution des résultats
% des personnes avec chaque résultat
Percentile par nombre de réponses
Votre historique - résultats
Vous n’avez pas pris ce quiz